LEADER 00801nam a2200205 i 4500 001 000000045389 003 CaOOAMICUS 005 20120204000000.0 008 120204s1924 xx u000 u ger u 013 $a16559 040 $aSeMil$bita 100 1 $aKlug, Ignaz.$0(OLS)http://semarc/name/22580 245 14$aDer Heiland der Welt :$bein Christusbuch /$cdr. I. Klug. 260 $aPaderborn :$bFerdinand Schöningh,$c1924. 300 $aVIII, 696 p. ;$c20 cm. 650 4$aSpiritualitā.$0(OLS)http://semarc/subject/5428 850 $aSeMil 852 $aSeMil$W1$xVenegono$y1$m2C I 140$j11544$B11544$CSeMilBibl$Z2$F11544 $81 996 $6245$aDer Heiland der Welt :$bein Christusbuch$9(OLS)http://semarc/title/67462 996 $6260$aPaderborn :$bFerdinand Schöningh$9(OLS)http://semarc/publisher/31027 LEADER 01053nam a2200217 i 4500 001 000000179646 003 CaOOAMICUS 005 20250828165545.0 008 090519s1981 xxk u000 u mul u 040 $aSeMil$bita 245 10$a20: The athenian constitution ; The Eudemian ethics ; On virtues and vices /$cAristotle ; with an english translation by H. Rackham. 300 $aXII, 505 p. 490 1 $aThe Loeb Classical Library ;$v285 700 1 $aRackham, Harris,$d<1868-1944>.$0(OLS)http://semarc/name/17994 773 0 $aAristoteles <384-322 a.C.>$tAristotle.$dCambridge, Massachusetts : Harvard University Press ; London : Heinemann, 1980-$g20$w()21258 830 4$aThe Loeb Classical Library ;$v285.$0(OLS)http://semarc/title/26868 850 $aSeMil 852 $aSeMil$W1$xVenegono$y1$m1Y II 24$j261055$B130408$CSeMilBibl$Z2$F141858 $81 961 $aOmaggio: Villa don Cesare 996 $6245$a20: The athenian constitution ; The Eudemian ethics ; On virtues and vices$9(OLS)http://semarc/title/257938